[Event "Qatar Masters Open 2024"]
[Site "Doha QAT"]
[Date "2024.12.03"]
[Round "1.25"]
[White "Tyurin, Artem"]
[Black "Ganguly, Surya Shekhar"]
[Result "0-1"]
[WhiteTitle "FM"]
[BlackTitle "GM"]
[WhiteElo "2356"]
[BlackElo "2578"]
[WhiteFideId "44130112"]
[BlackFideId "5002150"]
[EventDate "2024.12.03"]

1. e4 e5 2. Nf3 Nc6 3. Bc4 Nf6 4. d3 Bc5 5. Bg5 h6 6. Bh4 d6 7. c3 a6 8. Nbd2
Ba7 9. b4 Qe7 10. O-O Be6 11. a4 Bxc4 12. Nxc4 Qe6 13. b5 Ne7 14. Bxf6 Qxf6 15.
d4 exd4 16. cxd4 O-O 17. Ne3 axb5 18. axb5 Qe6 19. Re1 Bb6 20. Rc1 d5 21. exd5
Nxd5 22. Nc4 Qf6 23. Nfe5 Ra2 24. Nf3 Nf4 25. Nce5 Rd8 26. Rc2 Raa8 27. g3 Ne6
28. d5 Nd4 29. Nxd4 Rxd5 30. Nef3 Bxd4 31. Nxd4 Rxd4 32. Qc1 Rd5 33. Rxc7 Rxb5
34. Qc3 Qxc3 35. Rxc3 Rf5 36. Re2 b5 37. Rb2 h5 38. Rc7 Rb8 39. Rb4 g5 40. Kg2
Rb6 41. h3 Kg7 42. f4 g4 43. hxg4 hxg4 44. Kf2 Rh5 45. Ke3 Rh3 46. Rc5 Rxg3+ 47.
Kf2 Rf3+ 48. Kg2 Kf6 49. Rh5 Re6 50. Rhxb5 Re2+ 51. Kg1 Rg3+ 52. Kf1 Rgg2 53.
Rg5 Ref2+ 54. Ke1 Ra2 55. Kf1 g3 56. Rb6+ Ke7 57. Rb7+ Kd6 58. Rb6+ Kc7 59. Ra6
Raf2+ 0-1

[Event "Qatar Masters Open 2024"]
[Site "Doha QAT"]
[Date "2024.12.03"]
[Round "1.26"]
[White "Lodici, Lorenzo"]
[Black "Khamdamova, Afruza"]
[Result "0-1"]
[WhiteTitle "GM"]
[BlackTitle "WIM"]
[WhiteElo "2564"]
[BlackElo "2354"]
[WhiteFideId "884189"]
[BlackFideId "14210444"]
[EventDate "2024.12.03"]

1. d4 d5 2. c4 e6 3. Nf3 Nf6 4. Nc3 Be7 5. g3 O-O 6. Bg2 dxc4 7. Ne5 c5 8. dxc5
Qxd1+ 9. Nxd1 Bxc5 10. O-O Nc6 11. Bxc6 bxc6 12. Be3 Bb6 13. Bxb6 axb6 14. Nc3
Ba6 15. Nxc6 Bb7 16. Nb4 Rfd8 17. Rfd1 g5 18. f3 g4 19. Kf2 Kg7 20. Rac1 h5 21.
Ke3 gxf3 22. exf3 Nd5+ 23. Ncxd5 Bxd5 24. Rd4 Rac8 25. Rh4 Kg6 26. a3 Rc5 27.
Rc2 Rdc8 28. Rd4 Ba8 29. Rd6 b5 30. Rc3 Re5+ 31. Kd2 Rh8 32. Re3 Rf5 33. Ke2 Rc8
34. Rc3 Re5+ 35. Kf2 Rh8 36. Re3 Rf5 37. Rc3 Re5 38. a4 bxa4 39. Rxc4 Rf5 40. f4
Ra5 41. Nd3 f6 42. f5+ Rxf5+ 43. Nf4+ Kh6 44. Rxa4 e5 45. h3 Rf8 46. Ra5 Be4 47.
Ra4 Bb7 48. Rb4 Bc8 49. Kf3 exf4 50. g4 Re5 51. Kxf4 Kg6 52. Rb8 Rc5 53. b4 Rc4+
54. Ke3 hxg4 55. hxg4 Rh8 56. b5 Rh3+ 57. Kd2 Bxg4 58. b6 Bf5 59. Rg8+ Kf7 0-1

[Event "Qatar Masters Open 2024"]
[Site "Doha QAT"]
[Date "2024.12.03"]
[Round "1.27"]
[White "Shturman, Arseniy"]
[Black "Quesada Perez, Luis Ernesto"]
[Result "1/2-1/2"]
[WhiteTitle "FM"]
[BlackTitle "GM"]
[WhiteElo "2350"]
[BlackElo "2564"]
[WhiteFideId "34275797"]
[BlackFideId "3520773"]
[EventDate "2024.12.03"]

1. e4 d6 2. d4 Nf6 3. Nc3 e5 4. dxe5 dxe5 5. Qxd8+ Kxd8 6. Bc4 Bb4 7. Bxf7 Rf8
8. Bc4 Nxe4 9. Ne2 Bf5 10. O-O Nxc3 11. Bg5+ Kc8 12. Nxc3 c6 13. Rfe1 Nd7 14.
Re2 Kc7 15. Ne4 h6 16. a3 Bxe4 17. Rxe4 hxg5 18. axb4 Rf4 19. Rae1 Re8 20. g3
Rxe4 21. Rxe4 Nf6 22. Re3 e4 23. Bf7 Re7 24. Bg6 Kd6 25. Kg2 Re5 26. c3 Re7 27.
h3 Kd5 28. b3 Kd6 29. c4 c5 30. b5 Kc7 31. Kf1 Kd6 32. Ke2 Re5 33. Ke1 Re7 34.
Ke2 a6 35. bxa6 bxa6 36. Ke1 a5 37. Ke2 Re6 38. Bf7 Re5 39. Bg6 Re7 40. Ke1 Ke5
41. f3 Kd4 42. Kd2 a4 43. Bxe4 axb3 44. Rxb3 Kxc4 45. Rc3+ Kb4 46. Bd3 Rd7 47.
Kc2 Rd4 48. Rb3+ Ka4 49. Rb7 c4 50. Be4 Nxe4 1/2-1/2

[Event "Qatar Masters Open 2024"]
[Site "Doha QAT"]
[Date "2024.12.03"]
[Round "1.28"]
[White "Bharath, Subramaniyam H"]
[Black "Sliwicka, Alicja"]
[Result "1-0"]
[WhiteTitle "GM"]
[BlackTitle "WGM"]
[WhiteElo "2561"]
[BlackElo "2346"]
[WhiteFideId "46634827"]
[BlackFideId "1150677"]
[EventDate "2024.12.03"]

1. e4 c5 2. Nf3 Nc6 3. Bb5 g6 4. Nc3 Bg7 5. O-O d6 6. e5 dxe5 7. Bxc6+ bxc6 8.
Re1 Qc7 9. b3 Bf5 10. Bb2 Rd8 11. Na4 f6 12. Nxc5 Nh6 13. d4 exd4 14. Nxd4 Rd5
15. Nce6 Bxe6 16. Nxe6 Qd6 17. Nxg7+ Kf7 18. Qe2 Kxg7 19. Qxe7+ Nf7 20. Qe6 Qf4
21. g3 Qf5 22. Qxf5 Rxf5 23. Rad1 g5 24. Rd7 g4 25. Ree7 Rf8 26. Rxa7 Kg6 27.
Bc1 Rf3 28. Be3 Ne5 29. Bd4 Rd8 30. Bxe5 Rd1+ 31. Kg2 Rd2 32. Rg7+ Kf5 33. Bd4
Rxd4 34. Rxg4 Kxg4 35. h3+ Kf5 36. Kxf3 Rd2 37. Rxh7 Rxc2 38. Rh5+ 1-0

[Event "Qatar Masters Open 2024"]
[Site "Doha QAT"]
[Date "2024.12.03"]
[Round "1.29"]
[White "Mohamed, Anees M"]
[Black "Sankalp, Gupta"]
[Result "0-1"]
[WhiteTitle "FM"]
[BlackTitle "GM"]
[WhiteElo "2344"]
[BlackElo "2545"]
[WhiteFideId "35065815"]
[BlackFideId "5097010"]
[EventDate "2024.12.03"]

1. e4 e6 2. d4 d5 3. exd5 exd5 4. Nf3 Bd6 5. c4 Nf6 6. c5 Be7 7. Bd3 b6 8. Qa4+
Bd7 9. Qc2 Nc6 10. a3 bxc5 11. dxc5 a5 12. O-O O-O 13. Be3 h6 14. h3 Re8 15. Nc3
Bf8 16. Rad1 Qc8 17. Kh2 Rb8 18. Ne2 Qb7 19. Rb1 a4 20. Rfc1 Ne4 21. Nc3 Nxc5
22. Bxc5 Bxc5 23. Nxa4 Bd6+ 24. Kg1 Qc8 25. Re1 Ne5 26. Nxe5 Bxe5 27. Re3 Bd6
28. Rbe1 Rxe3 29. Rxe3 c5 30. Re1 c4 31. Bf1 Qc6 32. Nc3 d4 33. Ne4 d3 34. Bxd3
cxd3 35. Qxc6 Bxc6 36. Nxd6 Rxb2 37. Nc4 Re2 38. Rd1 Bb5 39. Ne3 d2 40. Nc2 Ba4
41. Kf1 Re1+ 42. Rxe1 Bxc2 0-1

[Event "Qatar Masters Open 2024"]
[Site "Doha QAT"]
[Date "2024.12.03"]
[Round "1.30"]
[White "Zemlyanskii, Ivan"]
[Black "Munguntuul, Batkhuyag"]
[Result "1-0"]
[WhiteTitle "GM"]
[BlackTitle "IM"]
[WhiteElo "2543"]
[BlackElo "2342"]
[WhiteFideId "24249971"]
[BlackFideId "4900758"]
[EventDate "2024.12.03"]

1. e4 c6 2. d4 d5 3. e5 Bf5 4. c4 e6 5. Nc3 Nd7 6. cxd5 cxd5 7. Bd3 Bxd3 8. Qxd3
Bb4 9. Qg3 Kf8 10. Ne2 Ne7 11. O-O Nb6 12. Qd3 h5 13. Bg5 Qd7 14. Rac1 Nf5 15.
Ng3 Be7 16. Nxf5 Bxg5 17. Qg3 Bh6 18. Nxh6 Rxh6 19. Rc2 Rc8 20. Rfc1 Kg8 21. b3
Rh8 22. a4 Rc6 23. Ne2 Rxc2 24. Rxc2 Kh7 25. a5 Nc8 26. Rc3 Ne7 27. Qf3 Kg8 28.
h3 Nc6 29. Rc5 g6 30. Qf6 Kh7 31. g4 hxg4 32. hxg4 Kg8 33. a6 Rh3 34. Kg2 Rh7
35. axb7 Qxb7 36. Nf4 Ne7 37. b4 Qd7 38. Nh3 Rg7 39. Ng5 Qb7 40. Rc3 Qd7 41. Qf4
Qb7 42. Rf3 Qb6 43. Nxf7 Nf5 44. gxf5 Rxf7 45. f6 1-0

[Event "Qatar Masters Open 2024"]
[Site "Doha QAT"]
[Date "2024.12.03"]
[Round "1.31"]
[White "Tissir, Mohamed"]
[Black "Abdisalimov, Abdimalik"]
[Result "1/2-1/2"]
[WhiteTitle "IM"]
[BlackTitle "GM"]
[WhiteElo "2342"]
[BlackElo "2536"]
[WhiteFideId "9000240"]
[BlackFideId "14206323"]
[EventDate "2024.12.03"]

1. e4 c5 2. Nf3 d6 3. d4 cxd4 4. Nxd4 Nf6 5. Nc3 a6 6. Bc4 e6 7. a4 Be7 8. O-O
O-O 9. Kh1 b6 10. Qe2 Bb7 11. f4 d5 12. exd5 exd5 13. Ba2 Re8 14. Qd3 Bc5 15.
Be3 Nc6 16. Nxc6 Bxc6 17. Bd4 Ng4 18. Bxc5 bxc5 19. Bxd5 Bxd5 20. Nxd5 Qh4 21.
Qg3 Qxg3 22. hxg3 Re2 23. Rac1 Rd2 24. Nc3 Rad8 25. Rfe1 f5 26. Kg1 Kf7 27. b3
R8d6 28. a5 Re6 29. Rxe6 Kxe6 30. Re1+ Kd6 31. Re2 Rxe2 32. Nxe2 Kc6 33. c4 Kd6
34. Nc1 Nf6 35. Kf2 Ne4+ 36. Kf3 h5 37. Ke3 Nxg3 38. Nd3 Ne4 39. Ne5 Nc3 40. Nd3
Ne4 41. Ne5 Nf6 42. Nd3 Nd7 43. b4 cxb4 44. Kd4 b3 45. Kc3 Nb8 46. Kxb3 Nc6 47.
Nb4 Nd4+ 48. Ka4 Kc5 49. Nxa6+ Kxc4 50. Nc7 Nc6 51. Ne6 Nxa5 52. Kxa5 g6 53. Nf8
Kd3 54. Nxg6 Ke3 55. Kb5 Kf2 56. Kc5 Kxg2 57. Kd5 Kg3 58. Ke5 Kg4 59. Ne7 h4 60.
Nxf5 h3 61. Ne3+ Kf3 62. Nf1 Kg2 63. Ne3+ Kf3 64. Nf1 Kg2 65. Ne3+ Kf3 1/2-1/2

[Event "Qatar Masters Open 2024"]
[Site "Doha QAT"]
[Date "2024.12.03"]
[Round "1.32"]
[White "Adhiban, Baskaran"]
[Black "Nandhidhaa, P V"]
[Result "1-0"]
[WhiteTitle "GM"]
[BlackTitle "WGM"]
[WhiteElo "2535"]
[BlackElo "2339"]
[WhiteFideId "5018471"]
[BlackFideId "5050847"]
[EventDate "2024.12.03"]

1. e4 e6 2. d4 d5 3. Nc3 Nf6 4. e5 Nfd7 5. f4 c5 6. Nf3 Nc6 7. Be3 a6 8. Qd2 Be7
9. Be2 O-O 10. O-O b5 11. Nd1 b4 12. Nf2 a5 13. dxc5 Nxc5 14. c4 dxc4 15. Bxc4
Bb7 16. Qe2 Rc8 17. Rac1 Nb8 18. Rfd1 Qb6 19. Nd4 Nbd7 20. Ng4 Qc7 21. Nb5 Qb8
22. Nd6 Bxd6 23. Rxd6 Bc6 24. Rcd1 Qb7 25. h3 Rc7 26. Nf6+ gxf6 27. Bxc5 Nxc5
28. Qg4+ Kh8 29. exf6 1-0

[Event "Qatar Masters Open 2024"]
[Site "Doha QAT"]
[Date "2024.12.03"]
[Round "1.33"]
[White "Adireddy, Arjun"]
[Black "Harutyunyan, Tigran K."]
[Result "0-1"]
[WhiteTitle "FM"]
[BlackTitle "GM"]
[WhiteElo "2336"]
[BlackElo "2524"]
[WhiteFideId "25647709"]
[BlackFideId "13303635"]
[EventDate "2024.12.03"]

1. e4 e5 2. Nf3 Nc6 3. Bb5 a6 4. Ba4 Nf6 5. O-O Be7 6. Re1 b5 7. Bb3 O-O 8. a4
Bb7 9. d3 d6 10. c3 Na5 11. Ba2 c5 12. Nbd2 Rb8 13. Nf1 b4 14. cxb4 cxb4 15. Ne3
b3 16. Bb1 Re8 17. Bd2 d5 18. exd5 Nxd5 19. Nxd5 Bxd5 20. Nxe5 Nc6 21. Bc3 Nxe5
22. Rxe5 Bb4 23. Rxe8+ Qxe8 24. Bxb4 Rxb4 25. d4 g6 26. Bd3 Rxd4 27. Qf1 a5 28.
Bb5 Qe4 29. Be2 Qc2 30. Rb1 Be4 31. Rc1 Qxb2 32. Bc4 Bc2 33. Re1 Qc3 34. Bb5 b2 0-1

[Event "Qatar Masters Open 2024"]
[Site "Doha QAT"]
[Date "2024.12.03"]
[Round "1.34"]
[White "Raja, Rithvik R"]
[Black "Baradaran Tamadon, Arian"]
[Result "1-0"]
[WhiteTitle "GM"]
[BlackTitle "FM"]
[WhiteElo "2521"]
[BlackElo "2334"]
[WhiteFideId "35007394"]
[BlackFideId "12595837"]
[EventDate "2024.12.03"]

1. d4 Nf6 2. c4 e6 3. Nc3 d5 4. cxd5 exd5 5. Bg5 c6 6. e3 Be6 7. Bd3 Nbd7 8. Bf4
h6 9. h3 Nb6 10. Nge2 Bd6 11. Qc2 O-O 12. g4 Bxf4 13. Nxf4 Qe7 14. Rg1 Nfd7 15.
h4 c5 16. g5 h5 17. dxc5 Nxc5 18. Nxh5 d4 19. Be2 g6 20. Nf6+ Kh8 21. h5 Bf5 22.
e4 Qe5 23. exf5 d3 24. hxg6 Qh2 25. O-O-O dxc2 26. Kxc2 Kg7 27. Rh1 Rh8 28. Rxh2
Rxh2 29. b4 Rxf2 30. bxc5 Rc8 31. Nfe4 Rxf5 32. cxb6 Re5 33. Bg4 Ra8 34. gxf7
axb6 35. Rd7 b5 36. Rxb7 Rxa2+ 37. Nxa2 Rxe4 38. Bh5 Re5 39. Rb8 1-0

[Event "Qatar Masters Open 2024"]
[Site "Doha QAT"]
[Date "2024.12.03"]
[Round "1.35"]
[White "Aziz, Husain"]
[Black "Xu, Zhihang"]
[Result "1/2-1/2"]
[WhiteTitle "IM"]
[BlackTitle "IM"]
[WhiteElo "2329"]
[BlackElo "2511"]
[WhiteFideId "12100293"]
[BlackFideId "8611572"]
[EventDate "2024.12.03"]

1. d4 Nf6 2. Nf3 g6 3. Nc3 d5 4. Bf4 Bg7 5. Nb5 Na6 6. e3 O-O 7. h3 c5 8. c3 Bd7
9. a4 Qb6 10. Be2 Rfc8 11. O-O cxd4 12. exd4 Nb8 13. Ra2 Nc6 14. Re1 a6 15. Na3
e6 16. Nb1 Na5 17. Nbd2 Qd8 18. Bf1 Be8 19. Ne5 Nd7 20. Ndf3 Nxe5 21. Bxe5 f6
22. Bg3 Bd7 23. Nh2 Nc4 24. Ng4 Qf8 25. a5 Nd6 26. Bd3 Nf5 27. Bh2 Re8 28. Ra1
Qf7 29. Qb3 Bc6 30. Re2 Qd7 31. Rae1 Kf7 32. Ne3 Bf8 33. Qd1 Bb5 34. b3 Rac8 35.
Nxf5 Bxd3 36. Qxd3 exf5 37. Rxe8 Rxe8 38. Rxe8 Qxe8 39. Kf1 Qe4 1/2-1/2

[Event "Qatar Masters Open 2024"]
[Site "Doha QAT"]
[Date "2024.12.03"]
[Round "1.36"]
[White "Galaviz Medina, Sion Radamantys"]
[Black "Jani, Kushal R"]
[Result "1-0"]
[WhiteTitle "IM"]
[WhiteElo "2508"]
[BlackElo "2326"]
[WhiteFideId "5123119"]
[BlackFideId "25679988"]
[EventDate "2024.12.03"]

1. d4 Nf6 2. c4 e6 3. Nc3 Bb4 4. e3 O-O 5. Bd3 c5 6. Ne2 cxd4 7. exd4 d5 8. a3
Bxc3+ 9. Nxc3 dxc4 10. Bxc4 Nc6 11. Be3 b6 12. O-O Bb7 13. Qd3 h6 14. Rad1 Ne7
15. Bf4 Rc8 16. Ba2 Ned5 17. Be5 Nxc3 18. bxc3 Be4 19. Qe2 Bg6 20. c4 Re8 21.
Qb2 Nd7 22. Bg3 Qe7 23. Rfe1 Qf8 24. a4 Qe7 25. a5 bxa5 26. c5 Qd8 27. Bc4 Nb8
28. Bd6 Qd7 29. Bb5 Qb7 30. Qe2 Red8 31. Rd2 a6 32. Bc4 Qb4 33. Rc1 Nc6 34. Qe3
a4 35. Qc3 a5 36. f3 Rxd6 37. cxd6 Qxd6 38. Ba6 Rc7 39. Bb5 Qb4 40. Qxb4 axb4
41. Bxa4 b3 42. Rxc6 Rxc6 43. Bxc6 Bc2 44. Be4 1-0

[Event "Qatar Masters Open 2024"]
[Site "Doha QAT"]
[Date "2024.12.03"]
[Round "1.38"]
[White "Madaminov, Mukhiddin"]
[Black "Ankit Ray"]
[Result "1/2-1/2"]
[WhiteTitle "GM"]
[BlackTitle "FM"]
[WhiteElo "2501"]
[BlackElo "2320"]
[WhiteFideId "14210703"]
[BlackFideId "25770624"]
[EventDate "2024.12.03"]

1. c4 e6 2. Nc3 d5 3. d4 h6 4. Nf3 Nf6 5. a3 a6 6. c5 Nc6 7. Bf4 g5 8. Bg3 Nh5
9. e3 Nxg3 10. hxg3 Bg7 11. Qc2 O-O 12. g4 b6 13. cxb6 cxb6 14. Bd3 Ra7 15. Rc1
Rc7 16. Qd1 Re8 17. Bb1 e5 18. dxe5 Nxe5 19. Nxe5 Rxe5 20. O-O h5 21. gxh5 g4
22. Ne2 Rxc1 23. Qxc1 Rxh5 24. Rd1 Be5 25. g3 Bb7 26. Be4 Qa8 27. Bg2 d4 28. e4
Bxe4 29. Nf4 Rh6 30. Re1 Bxg2 31. Nxg2 Rh5 32. Nh4 Kg7 33. Qd1 Qc8 34. Re4 Rg5
35. Qe2 f6 36. Ng2 Qc1+ 37. Ne1 Kh6 38. Kf1 d3 39. Qxd3 Qxb2 40. Rb4 Qc3 41.
Rxb6 Rh5 42. Qe4 Qd4 43. Qxd4 Bxd4 44. Rxa6 Rh2 45. Nd3 Rh1+ 46. Ke2 Ra1 47. Nb4
Kg5 48. Nc2 Ra2 49. Rc6 Ba7 50. Rc4 f5 51. a4 Kf6 52. f3 gxf3+ 53. Kxf3 Rb2 54.
a5 Rb3+ 55. Kg2 Bb8 56. Rc6+ Kg5 57. Nd4 Rxg3+ 58. Kf1 Ra3 59. a6 Kg4 60. Rg6+
Kf4 61. Nb5 Ra5 62. Rb6 Be5 63. Ke2 Ke4 64. Nd6+ Bxd6 65. Rxd6 Ra2+ 66. Rd2 Rxa6
67. Rb2 Kf4 68. Kf2 1/2-1/2

[Event "Qatar Masters Open 2024"]
[Site "Doha QAT"]
[Date "2024.12.03"]
[Round "1.39"]
[White "Omar, Noaman"]
[Black "Fawzy, Adham"]
[Result "0-1"]
[WhiteTitle "IM"]
[BlackTitle "GM"]
[WhiteElo "2315"]
[BlackElo "2493"]
[WhiteFideId "9300244"]
[BlackFideId "10613129"]
[EventDate "2024.12.03"]

1. d4 Nf6 2. c4 g6 3. Nc3 Bg7 4. e4 d6 5. f3 O-O 6. Be3 e5 7. d5 Nh5 8. Qd2 f5
9. O-O-O Nd7 10. Nge2 Ndf6 11. h3 f4 12. Bf2 b6 13. Kb1 a5 14. Rg1 Nd7 15. Nc1
Nc5 16. Bd3 Bd7 17. Bc2 Qe7 18. Nb5 Be8 19. Bxc5 bxc5 20. Nb3 Qd8 21. a4 Qb8 22.
Nxa5 Qb6 23. Nc6 Bxc6 24. dxc6 Nf6 25. Nc3 Rfb8 26. b3 Qxc6 27. Kc1 Kh8 28. Nd5
Nh5 29. Nc3 Qb7 30. Qd3 Bf8 31. Ne2 c6 32. Qc3 Kg8 33. Rd2 Qc7 34. Kd1 Be7 35.
g3 fxg3 36. f4 exf4 37. e5 dxe5 38. Qf3 Rd8 39. Rxd8+ Rxd8+ 40. Kc1 Kg7 0-1

[Event "Qatar Masters Open 2024"]
[Site "Doha QAT"]
[Date "2024.12.03"]
[Round "1.41"]
[White "Ezat, Mohamed"]
[Black "Srihari, L R"]
[Result "0-1"]
[WhiteTitle "IM"]
[BlackTitle "IM"]
[WhiteElo "2312"]
[BlackElo "2484"]
[WhiteFideId "10600906"]
[BlackFideId "46617116"]
[EventDate "2024.12.03"]

1. d4 e6 2. c4 b6 3. Nc3 Bb4 4. e4 Bb7 5. Qc2 Qh4 6. Bd3 Bxc3+ 7. bxc3 f5 8. g3
Qh5 9. Be2 Qf7 10. Bf3 fxe4 11. Bxe4 Bxe4 12. Qxe4 Nc6 13. Ba3 Nf6 14. Qe2 Qg6
15. Nf3 Qe4 16. Bb4 a5 17. Ba3 a4 18. Bb4 Nxb4 19. cxb4 O-O 20. a3 d5 21. c5
bxc5 22. dxc5 Rae8 23. h3 e5 24. Rf1 Qf5 25. Nh4 Qxh3 26. O-O-O Ne4 27. Kb2 c6
28. Rde1 Qe6 29. g4 g6 30. Ka1 Qf6 31. Ng2 Qf3 32. Ne3 Qxe2 33. Rxe2 d4 34. Nc4
Ng3 35. Rfe1 Nxe2 36. Rxe2 e4 37. Nd6 e3 0-1

[Event "Qatar Masters Open 2024"]
[Site "Doha QAT"]
[Date "2024.12.03"]
[Round "1.42"]
[White "Chanda, Sandipan"]
[Black "Priansh, Das"]
[Result "1/2-1/2"]
[WhiteTitle "GM"]
[WhiteElo "2480"]
[BlackElo "2311"]
[WhiteFideId "5004225"]
[BlackFideId "45029946"]
[EventDate "2024.12.03"]

1. d4 Nf6 2. c4 g6 3. Nc3 Bg7 4. e4 d6 5. Be2 O-O 6. h4 c5 7. d5 e6 8. h5 exd5
9. exd5 Qb6 10. h6 Bh8 11. Nf3 Bg4 12. Ng5 Bxe2 13. Qxe2 Nbd7 14. Be3 Qa5 15.
O-O Rae8 16. Nb5 Qb6 17. a4 Ne5 18. a5 Qd8 19. Nxa7 Nfg4 20. a6 bxa6 21. Rxa6
Nxe3 22. Qxe3 Nxc4 23. Qf4 Nxb2 24. Nf3 Nd3 25. Qc4 Nb2 26. Qf4 Nd3 27. Qc4 Nb2
28. Qf4 1/2-1/2

[Event "Qatar Masters Open 2024"]
[Site "Doha QAT"]
[Date "2024.12.03"]
[Round "1.43"]
[White "Jin, Yueheng"]
[Black "Kukhmazov, Arsen"]
[Result "1/2-1/2"]
[WhiteTitle "IM"]
[BlackTitle "IM"]
[WhiteElo "2309"]
[BlackElo "2480"]
[WhiteFideId "8616868"]
[BlackFideId "24108260"]
[EventDate "2024.12.03"]

1. c4 e6 2. g3 d5 3. Bg2 Nf6 4. Nf3 Be7 5. O-O O-O 6. d4 dxc4 7. Qc2 a6 8. a4 b6
9. Ne5 Ra7 10. Rd1 Bb7 11. Bxb7 Rxb7 12. Qxc4 c5 13. Nc3 cxd4 14. Rxd4 Qc8 15.
Qxc8 Rxc8 16. Be3 Nbd7 17. Nxd7 Rxd7 18. Rxd7 Nxd7 19. Rd1 Nc5 20. Rd4 f5 21.
Rc4 a5 22. Bd4 Kf7 23. Kg2 h5 24. h4 g6 25. Na2 Rd8 26. Nc1 Rd5 27. f4 Bd6 28.
Nd3 Nxd3 29. exd3 Bc5 30. Bxc5 bxc5 31. Rc3 Ke7 32. Rb3 Rd4 33. Rb5 Rxa4 34.
Rxc5 Ra2 35. Rb5 a4 36. Kf3 a3 37. bxa3 Rxa3 38. Ke3 Ra1 39. Rb7+ Kf6 40. Rb6
Rg1 41. Kf2 1/2-1/2

[Event "Qatar Masters Open 2024"]
[Site "Doha QAT"]
[Date "2024.12.03"]
[Round "1.44"]
[White "Saydaliev, Saidakbar"]
[Black "Jain, Kashish Manoj"]
[Result "1/2-1/2"]
[WhiteTitle "IM"]
[BlackTitle "FM"]
[WhiteElo "2473"]
[BlackElo "2308"]
[WhiteFideId "14203693"]
[BlackFideId "35081098"]
[EventDate "2024.12.03"]

1. Nf3 d5 2. g3 Nf6 3. c4 c6 4. Bg2 dxc4 5. O-O Nbd7 6. Qc2 Nb6 7. b3 cxb3 8.
axb3 Bg4 9. Ne5 Qc8 10. Nxg4 Qxg4 11. e4 Qd7 12. Bb2 e6 13. d4 Be7 14. Nd2 O-O
15. Rfd1 Rfd8 16. Nf1 Ne8 17. Ne3 Nc7 18. h4 Bf8 19. h5 h6 20. f4 Nb5 21. Kh2
Qe7 22. Qe2 Rd7 23. Rd3 Rad8 24. Rad1 Qe8 25. Ng4 c5 26. d5 exd5 27. Bf6 Nd4 28.
Bxd4 cxd4 29. e5 Rc7 30. Rxd4 Rdc8 31. R1d2 Bc5 32. R4d3 Bb4 33. Ra2 a6 34. Ne3
Rc3 35. Rxc3 Rxc3 36. Nxd5 Nxd5 37. Bxd5 Qe7 38. Bc4 b5 39. Qe4 bxc4 40. Rxa6
Qd7 41. Ra8+ Bf8 42. bxc4 Rd3 43. f5 Rd2+ 44. Kh3 Qe7 1/2-1/2

[Event "Qatar Masters Open 2024"]
[Site "Doha QAT"]
[Date "2024.12.03"]
[Round "1.45"]
[White "Moosavifar, Seyed Abolfazl"]
[Black "Ayush, Sharma"]
[Result "0-1"]
[WhiteTitle "FM"]
[BlackTitle "IM"]
[WhiteElo "2308"]
[BlackElo "2466"]
[WhiteFideId "42548195"]
[BlackFideId "45010943"]
[EventDate "2024.12.03"]

1. e4 c5 2. Nf3 d6 3. d4 cxd4 4. Nxd4 Nf6 5. Nc3 a6 6. h3 e6 7. g4 h6 8. Bg2 Nc6
9. Be3 Be7 10. Qd2 Nxd4 11. Bxd4 b5 12. a4 b4 13. Ne2 e5 14. Be3 a5 15. f4 O-O
16. Ng3 Qc7 17. O-O Rd8 18. Kh1 d5 19. Qf2 d4 20. Bd2 Be6 21. g5 hxg5 22. fxg5
Nh7 23. Nf5 Ra6 24. Nxe7+ Qxe7 25. Qg3 Qc7 26. Rf2 Rc6 27. Rc1 Nf8 28. Bf1 Ng6
29. Bd3 b3 30. c3 Bc4 31. Bxc4 Rxc4 32. Rcf1 dxc3 33. Bxc3 Rd7 34. Qg4 Qc6 35.
Re1 Nf4 36. Kh2 Rd3 37. Bxe5 Rxh3+ 38. Kg1 Rxe4 39. Rxe4 Qxe4 40. Qc8+ Kh7 41.
Rxf4 Rh1+ 42. Kf2 Rh2+ 0-1

[Event "Qatar Masters Open 2024"]
[Site "Doha QAT"]
[Date "2024.12.03"]
[Round "1.46"]
[White "Goutham Krishna H"]
[Black "Heinemann, Josefine"]
[Result "1-0"]
[WhiteTitle "IM"]
[BlackTitle "WGM"]
[WhiteElo "2466"]
[BlackElo "2305"]
[WhiteFideId "25983504"]
[BlackFideId "12900460"]
[EventDate "2024.12.03"]

1. g3 d5 2. Bg2 e5 3. d3 Nf6 4. Nf3 Bd6 5. O-O O-O 6. c4 c6 7. cxd5 cxd5 8. Nc3
h6 9. e4 dxe4 10. dxe4 Nc6 11. h3 Bc5 12. Qe2 Nd4 13. Nxd4 Bxd4 14. Nb5 Bb6 15.
Rd1 Qe7 16. Be3 Bxe3 17. Qxe3 a6 18. Nd6 Be6 19. Qc3 Bd7 20. Rac1 Bc6 21. Nf5
Qe8 22. Qb4 Kh8 23. Rd6 Ng8 24. Rcd1 g6 25. Ne3 Qe7 26. Qc3 f6 27. Qd2 Kg7 28.
Nc4 Rac8 29. b3 Rc7 30. f4 exf4 31. Qxf4 h5 32. h4 Nh6 33. e5 Ng4 34. Bxc6 fxe5
35. Qe4 Nf6 36. Qxe5 bxc6 37. Re6 Qf7 38. Rf1 1-0

[Event "Qatar Masters Open 2024"]
[Site "Doha QAT"]
[Date "2024.12.03"]
[Round "1.47"]
[White "Vaibhav, Jayant Raut"]
[Black "Suyarov, Mukhammadzokhid"]
[Result "1/2-1/2"]
[WhiteTitle "CM"]
[BlackTitle "IM"]
[WhiteElo "2304"]
[BlackElo "2466"]
[WhiteFideId "5089034"]
[BlackFideId "14210495"]
[EventDate "2024.12.03"]

1. c4 e6 2. Nf3 Nf6 3. g3 d5 4. Bg2 Be7 5. d4 O-O 6. Qc2 dxc4 7. Qxc4 a6 8. a4
Bd7 9. O-O Bc6 10. Bg5 Nbd7 11. Rd1 h6 12. Bxf6 Nxf6 13. Nc3 Rc8 14. Rac1 Qd6
15. Qd3 Qb4 16. Qc2 Bxf3 17. Bxf3 c6 18. e3 Rfd8 19. Kg2 Rc7 20. Rb1 a5 21. Ne4
Rcd7 22. Nxf6+ Bxf6 23. h4 g6 24. h5 g5 25. b3 Bg7 26. Qc4 Bf8 27. g4 Qe7 28.
Rd3 Qf6 29. Rbd1 Bd6 30. Qc3 Bb4 31. Qc4 Kg7 32. Be4 Qe7 33. Bf3 Rd6 34. Qc2 Kg8
35. Qc4 Qd7 36. e4 Qc8 37. d5 cxd5 38. exd5 Qxc4 39. bxc4 e5 40. Be4 Rc8 41. Rc1
Kf8 42. Bf5 Rc7 43. Kf3 Rb6 1/2-1/2

[Event "Qatar Masters Open 2024"]
[Site "Doha QAT"]
[Date "2024.12.03"]
[Round "1.48"]
[White "Prraneeth, Vuppala"]
[Black "Zhukova, Natalia"]
[Result "1-0"]
[WhiteTitle "GM"]
[BlackTitle "GM"]
[WhiteElo "2461"]
[BlackElo "2302"]
[WhiteFideId "46622373"]
[BlackFideId "14101513"]
[EventDate "2024.12.03"]

1. d4 Nf6 2. c4 e6 3. Nc3 d5 4. cxd5 exd5 5. Bg5 c6 6. e3 Bd6 7. Bd3 O-O 8. Nf3
Re8 9. O-O Bg4 10. Qb3 Bxf3 11. gxf3 Qd7 12. Kg2 Ne4 13. Nxe4 dxe4 14. Be2 Na6
15. Bh4 Re6 16. Bg3 Rh6 17. h4 exf3+ 18. Bxf3 Re8 19. h5 Nb4 20. e4 Bxg3 21.
fxg3 Qxd4 22. Rad1 Qc5 23. Rf2 Qe7 24. Bg4 Rf6 25. Rxf6 gxf6 26. Bf5 Na6 27. Rd7
Qf8 28. Bxh7+ Kg7 29. h6+ Kh8 30. Rxf7 Qxh6 31. Bf5 Qd2+ 32. Kf3 1-0